Environmental Litigation Law and Strategy /

Detalles Bibliográficos
Autor principal: Brown, Kegan A.
Otros Autores: Hogan, Andrea M.
Formato: eBook
Lenguaje:inglés
Publicado: Chicago: American Bar Association, 2019
Edición:Segunda Edicin̤:
Materias:
Acceso en línea:Acceso restringido

MARC

LEADER 00000nam a22000007a 4500
005 20210301213418.0
007 cr|||| ||||
008 210301s2019 us |||||s|||| 00||0 eng d
020 |a 9781641053655 
035 |a 33096 
040 |a vLex 
090 |c 11323  |d 11323 
100 1 |a Brown, Kegan A. 
245 1 0 |a Environmental Litigation  |h [Recurso electrn̤ico] :  |b Law and Strategy /  |c Kegan A. Brown, Andrea M. Hogan 
250 |a Segunda Edicin̤: 
256 |a Servicio en ln̕ea 
260 |a Chicago:  |b American Bar Association,  |c 2019 
300 |a 1 recurso electrn̤ico 
506 1 |a Disponible solo en los productos indicados  |d vLex Global  |d vLex Global (Academic Edition, excluding Law Schools)  |d vLex Global (Academic Edition, Law Schools) 
650 0 4 |a Derecho del Medio Ambiente  |z Estados Unidos 
700 1 |a Hogan, Andrea M. 
740 0 |a vLex Libros (Servicio en ln̕ea) 
856 4 0 |u http://vlex.com/source/environmental-litigation-law-strategy-second-edition-33096  |z Acceso restringido 
942 |c BOOK 
999 0 |a Environmental Law